[Event "Suwalki Warakomska Memorial-A op"]
[Site "Suwalki"]
[Date "2018.08.07"]
[Round "8"]
[White "Tarun, V Kanth"]
[Black "Schippers, Maurice"]
[Result "1/2-1/2"]
[WhiteElo "2086"]
[BlackElo "2303"]
[PlyCount "79"]
[EventDate "2018.08.01"]
[EventType "swiss"]
[EventRounds "9"]
[EventCountry "POL"]
[SourceTitle "CBM 185 Extra"]
[Source "ChessBase"]
[SourceDate "2018.07.29"]
[SourceVersion "1"]
[SourceVersionDate "2018.07.29"]
[SourceQuality "1"]
[WhiteTeam "India"]
[BlackTeam "Netherlands"]
[WhiteTeamCountry "IND"]
[BlackTeamCountry "NED"]

1. d4 d5 2. c4 e6 3. Nc3 Nf6 4. cxd5 exd5 5. Bg5 Be7 6. e3 c6 7. Bd3 0-0 8. Qc2 h6 9. Bh4 Re8 10. Nge2 Nbd7 11. f3 c5 12. 0-0 Nf8 13. Rad1 c4 14. Bf5 Be6 15. Bxe6 fxe6 16. e4 g5 17. Bg3 Qd7 18. f4 Nh5 19. f5 exf5 20. Nxd5 fxe4 21. Qxc4 Qe6 22. Qb3 Rac8 23. Be5 Ng6 24. Ng3 Nxg3 25. Nf6+ Bxf6 26. Rxf6 Ne2+ 27. Kf2 Qxb3 28. Rxg6+ Kf7 29. Rf6+ Ke7 30. axb3 Rc2 31. Ke3 Nf4 32. Kxe4 Rxb2 33. Rxh6 Rxb3 34. Rc1 Nxg2 35. Rc7+ Kd8 36. Rhh7 Rf8 37. Bd6 Re8+ 38. Kf5 Ne3+ 39. Kxg5 Rg8+ 40. Rcg7 1/2-1/2

[Event "Suwalki Warakomska Memorial-A op"]
[Site "Suwalki"]
[Date "2018.08.05"]
[Round "6"]
[White "Paprocki, Jaroslaw"]
[Black "Tarun, V Kanth"]
[Result "1/2-1/2"]
[WhiteElo "2143"]
[BlackElo "2086"]
[PlyCount "52"]
[EventDate "2018.08.01"]
[EventType "swiss"]
[EventRounds "9"]
[EventCountry "POL"]
[SourceTitle "CBM 185 Extra"]
[Source "ChessBase"]
[SourceDate "2018.07.29"]
[SourceVersion "1"]
[SourceVersionDate "2018.07.29"]
[SourceQuality "1"]

1. e4 e6 2. d4 d5 3. Nc3 Bb4 4. e5 c5 5. a3 Bxc3+ 6. bxc3 Qc7 7. Qg4 f5 8. Qg3 cxd4 9. cxd4 Ne7 10. Bd2 0-0 11. Ne2 b6 12. h4 Kh8 13. Bb4 Rf7 14. h5 Qd7 15. Nf4 Nec6 16. c3 Ba6 17. Rc1 Bxf1 18. Kxf1 Na6 19. Qd3 Nc7 20. Nh3 a5 21. Bd6 Ne8 22. Ng5 Nxd6 23. exd6 Rf6 24. c4 Qxd6 25. h6 g6 26. c5 Qf4 1/2-1/2

[Event "Suwalki Warakomska Memorial-A op"]
[Site "Suwalki"]
[Date "2018.08.03"]
[Round "3"]
[White "Tarun, V Kanth"]
[Black "Socko, Monika"]
[Result "0-1"]
[WhiteElo "2086"]
[BlackElo "2464"]
[PlyCount "94"]
[EventDate "2018.08.01"]
[EventType "swiss"]
[EventRounds "9"]
[EventCountry "POL"]
[SourceTitle "CBM 185 Extra"]
[Source "ChessBase"]
[SourceDate "2018.07.29"]
[SourceVersion "1"]
[SourceVersionDate "2018.07.29"]
[SourceQuality "1"]

1. d4 Nf6 2. c4 e6 3. Nc3 Bb4 4. f3 c5 5. d5 0-0 6. e4 d6 7. Bg5 h6 8. Bh4 exd5 9. cxd5 Re8 10. Bb5 Bd7 11. Bxd7 Nbxd7 12. Nge2 b5 13. 0-0 a6 14. Qc1 c4 15. Ng3 Nf8 16. Nh5 N8h7 17. Kh1 Bc5 18. f4 b4 19. Ne2 Rxe4 20. Neg3 Rd4 21. Nf5 Rxd5 22. Nfxg7 Bd4 23. Qxc4 Qc8 24. Qe2 Qg4 25. Qxg4 Nxg4 26. Rfd1 Ne3 27. Rxd4 Rxd4 28. Bf2 Rd1+ 29. Rxd1 Nxd1 30. Bd4 Rc8 31. Nf5 Rc1 32. Nxh6+ Kf8 33. Kg1 Nxb2+ 34. Kf2 Nd3+ 35. Ke3 Ne1 36. Bg7+ Ke8 37. Kd2 Rb1 38. g4 Nf3+ 39. Kc2 Rh1 40. Nf5 Kd7 41. Nh6 a5 42. Nxf7 a4 43. Ng3 Rxh2+ 44. Kb1 Nd2+ 45. Kc1 b3 46. axb3 Nxb3+ 47. Kb1 a3 0-1

[Event "Suwalki Warakomska Memorial-A op"]
[Site "Suwalki"]
[Date "2018.08.02"]
[Round "2"]
[White "Lewtak, Damian"]
[Black "Tarun, V Kanth"]
[Result "1-0"]
[WhiteElo "2358"]
[BlackElo "2086"]
[PlyCount "115"]
[EventDate "2018.08.01"]
[EventType "swiss"]
[EventRounds "9"]
[EventCountry "POL"]
[SourceTitle "CBM 185 Extra"]
[Source "ChessBase"]
[SourceDate "2018.07.29"]
[SourceVersion "1"]
[SourceVersionDate "2018.07.29"]
[SourceQuality "1"]

1. d4 Nf6 2. Bf4 c5 3. d5 d6 4. Nc3 g6 5. Nf3 Bg7 6. g3 a6 7. a4 0-0 8. Bg2 Nh5 9. Be3 e5 10. dxe6 fxe6 11. Ne4 d5 12. Nxc5 Bxb2 13. Rb1 Bc3+ 14. Bd2 Bxd2+ 15. Qxd2 Qc7 16. Qb4 b5 17. Nd4 Ng7 18. 0-0 Nc6 19. Nxc6 Qxc6 20. axb5 axb5 21. Qxb5 Qxb5 22. Rxb5 Ba6 23. Nxa6 Rxa6 24. Rc5 Ra4 25. e4 dxe4 26. Re1 e3 27. Rxe3 Ra1+ 28. Bf1 Nf5 29. Re4 Rd1 30. c3 Rb8 31. Kg2 Rb2 32. Bc4 Rdd2 33. Bxe6+ Kg7 34. Rxf5 gxf5 35. Rf4 Rbc2 36. c4 Rd6 37. Bxf5 Rc3 38. Rg4+ Kf6 39. Bxh7 Rd2 40. h4 Ra3 41. Bg8 Raa2 42. Rf4+ Kg7 43. Bd5 Ra1 44. g4 Rdd1 45. g5 Rh1 46. Kf3 Rhg1 47. Ke4 Rae1+ 48. Kd4 Re8 49. Kc5 Rc8+ 50. Kd6 Rc1 51. h5 Rd8+ 52. Ke7 Rc8 53. Rf7+ Kh8 54. g6 Rc7+ 55. Kd6 Rxf7 56. gxf7 Kg7 57. h6+ Kf8 58. h7 1-0

[Event "Pardubice op rapid 29th"]
[Site "Pardubice"]
[Date "2018.07.18"]
[Round "1"]
[White "Tarun, V Kanth"]
[Black "Vusatiuk, Vladimir"]
[Result "1-0"]
[WhiteElo "2086"]
[BlackElo "2321"]
[PlyCount "43"]
[EventDate "2018.07.18"]
[EventType "swiss (rapid)"]
[EventRounds "9"]
[EventCountry "CZE"]
[SourceTitle "CBM 185 Extra"]
[Source "ChessBase"]
[SourceDate "2018.07.29"]
[SourceVersion "1"]
[SourceVersionDate "2018.07.29"]
[SourceQuality "1"]

1. d4 d5 2. c4 dxc4 3. Nf3 Nf6 4. e3 e6 5. Bxc4 a6 6. 0-0 c5 7. Bb3 b5 8. a4 b4 9. Nbd2 Bb7 10. e4 Nbd7 11. e5 Nd5 12. Ne4 Ne3 13. Bxe3 Bxe4 14. d5 c4 15. dxe6 cxb3 16. exf7+ Kxf7 17. Ng5+ Kg6 18. Nxe4 Nxe5 19. Qxb3 Be7 20. f4 Qd3 21. f5+ Kh5 22. Ng3+ 1-0

[Event "Paracin Summer op-A 11th"]
[Site "Paracin"]
[Date "2018.07.07"]
[Round "2"]
[White "Ivic, Matija"]
[Black "Tarun, V Kanth"]
[Result "1-0"]
[WhiteElo "2245"]
[BlackElo "2086"]
[PlyCount "99"]
[EventDate "2018.07.06"]
[EventType "swiss"]
[EventRounds "9"]
[EventCountry "SRB"]
[SourceTitle "CBM 185 Extra"]
[Source "ChessBase"]
[SourceDate "2018.07.29"]
[SourceVersion "1"]
[SourceVersionDate "2018.07.29"]
[SourceQuality "1"]

1. Nf3 Nf6 2. c4 e6 3. g3 d5 4. Bg2 dxc4 5. Qa4+ Bd7 6. Qxc4 c5 7. Ne5 Qc8 8. Nc3 Nc6 9. Nxd7 Qxd7 10. d3 Be7 11. 0-0 0-0 12. Bg5 b6 13. Rfd1 Rac8 14. a3 h6 15. Bf4 Rfd8 16. Rac1 Bd6 17. Bxd6 Qxd6 18. Qa6 Qd7 19. Nb5 Nb8 20. Qa4 Nd5 21. Kf1 Nc7 22. Nc3 Qxa4 23. Nxa4 Nb5 24. e3 Kf8 25. Ke2 Ke7 26. Nc3 Nxc3+ 27. Rxc3 Rc7 28. b4 Rdc8 29. Rdc1 Kd6 30. b5 Nd7 31. f4 e5 32. Rc4 Re8 33. Bc6 Re7 34. Kd2 Nf6 35. Bf3 Nd7 36. d4 exd4 37. exd4 Nb8 38. dxc5+ Rxc5 39. Rxc5 bxc5 40. a4 Rc7 41. Kd3 g5 42. Kc4 Nd7 43. a5 gxf4 44. gxf4 Rc8 45. Rd1+ Kc7 46. Bg4 Rd8 47. Rxd7+ Rxd7 48. Bxd7 Kxd7 49. Kxc5 Kc7 50. Kd5 1-0

[Event "Prague op 17th"]
[Site "Prague"]
[Date "2018.01.19"]
[Round "9"]
[White "Lee, Qing Aun"]
[Black "Tarun, V Kanth"]
[Result "1-0"]
[WhiteElo "2277"]
[BlackElo "2077"]
[PlyCount "73"]
[EventDate "2018.01.12"]
[EventType "swiss"]
[EventRounds "9"]
[EventCountry "CZE"]
[SourceTitle "CBM 182 Extra"]
[Source "ChessBase"]
[SourceDate "2018.02.23"]
[SourceVersion "1"]
[SourceVersionDate "2018.02.23"]
[SourceQuality "1"]

1. e4 e6 2. d4 d5 3. Nd2 Nf6 4. e5 Nfd7 5. Bd3 c5 6. c3 Nc6 7. Ne2 cxd4 8. cxd4 f6 9. exf6 Nxf6 10. 0-0 Bd6 11. Nf3 Qc7 12. Bd2 0-0 13. Nc3 a6 14. Rc1 Bd7 15. Re1 Rae8 16. Na4 Bc8 17. Ne5 Qe7 18. Bg5 Qc7 19. Re3 Bxe5 20. dxe5 Ne4 21. Bxe4 dxe4 22. Rxe4 Qf7 23. Qe2 Qf5 24. Bh4 b5 25. Nc5 Ne7 26. Bxe7 Rxe7 27. Rd4 Ref7 28. f3 Qg5 29. Rf1 Rf5 30. f4 Qe7 31. b4 g5 32. Qd2 gxf4 33. Ne4 Rxe5 34. Nd6 Qf6 35. Nxc8 Re2 36. Qxe2 Qxd4+ 37. Kh1 1-0

[Event "Prague op 17th"]
[Site "Prague"]
[Date "2018.01.18"]
[Round "8"]
[White "Tarun, V Kanth"]
[Black "Zwahr, Paul"]
[Result "1/2-1/2"]
[WhiteElo "2077"]
[BlackElo "2269"]
[PlyCount "22"]
[EventDate "2018.01.12"]
[EventType "swiss"]
[EventRounds "9"]
[EventCountry "CZE"]
[SourceTitle "CBM 182 Extra"]
[Source "ChessBase"]
[SourceDate "2018.02.23"]
[SourceVersion "1"]
[SourceVersionDate "2018.02.23"]
[SourceQuality "1"]

1. d4 d5 2. c4 dxc4 3. Nf3 a6 4. e3 b5 5. a4 Bb7 6. b3 c6 7. axb5 axb5 8. Rxa8 Bxa8 9. bxc4 bxc4 10. Bxc4 Nf6 11. 0-0 Nbd7 1/2-1/2

[Event "Prague op 17th"]
[Site "Prague"]
[Date "2018.01.17"]
[Round "7"]
[White "Bhakti, Kulkarni"]
[Black "Tarun, V Kanth"]
[Result "1/2-1/2"]
[WhiteElo "2306"]
[BlackElo "2077"]
[PlyCount "151"]
[EventDate "2018.01.12"]
[EventType "swiss"]
[EventRounds "9"]
[EventCountry "CZE"]
[SourceTitle "CBM 182 Extra"]
[Source "ChessBase"]
[SourceDate "2018.02.23"]
[SourceVersion "1"]
[SourceVersionDate "2018.02.23"]
[SourceQuality "1"]

1. e4 e6 2. Nf3 d5 3. e5 c5 4. b4 cxb4 5. d4 Nc6 6. a3 bxa3 7. c3 Nh6 8. Bxh6 gxh6 9. Bd3 f5 10. Nxa3 Bxa3 11. Rxa3 Qe7 12. Rb3 0-0 13. 0-0 a6 14. Qd2 b5 15. Ra1 Bd7 16. Qxh6 Qg7 17. Qd2 Kh8 18. Bf1 Ra7 19. Ne1 Bc8 20. Nd3 Qc7 21. Qa2 Rg8 22. f4 Rg4 23. Be2 Rg8 24. Qa3 Qe7 25. Qb2 Qh4 26. Bf3 Rag7 27. Qf2 Qh6 28. g3 Qh4 29. Kf1 Qd8 30. Rba3 Qb6 31. Nc5 Nb8 32. Qb2 Qd8 33. Bh5 Qc7 34. Ke1 Qd8 35. Kd2 Qc7 36. R3a2 Qd8 37. Qa3 Qb6 38. Nd3 Rd8 39. Rg1 Nc6 40. Qc5 Qb7 41. h3 Rc7 42. Qa3 Qb6 43. Rb1 Rg8 44. g4 a5 45. Qc5 Nxe5 46. Qxb6 Nc4+ 47. Ke2 Nxb6 48. Rxb5 Nc4 49. Nc5 fxg4 50. hxg4 Rf8 51. Kf3 e5 52. f5 Rg7 53. Rb8 Rgg8 54. dxe5 Nxe5+ 55. Kf4 Ng6+ 56. Bxg6 hxg6 57. Rxa5 gxf5 58. g5 Re8 59. Raa8 Rgf8 60. Nb7 Re4+ 61. Kf3 Rc4 62. Nd6 Rxc3+ 63. Kf4 Rc1 64. Rxc8 Rf1+ 65. Ke5 Re1+ 66. Kxd5 Rxc8 67. Rxc8+ Kh7 68. Rc6 Rg1 69. Nf7 Kg7 70. Rc7 Rd1+ 71. Ke5 Kg6 72. Nd6 Re1+ 73. Kf4 Rf1+ 74. Ke5 Re1+ 75. Kf4 Rf1+ 76. Ke5 1/2-1/2

[Event "Prague op 17th"]
[Site "Prague"]
[Date "2018.01.16"]
[Round "6"]
[White "Tarun, V Kanth"]
[Black "Sergienko, Sergey"]
[Result "1/2-1/2"]
[WhiteElo "2077"]
[BlackElo "2329"]
[PlyCount "82"]
[EventDate "2018.01.12"]
[EventType "swiss"]
[EventRounds "9"]
[EventCountry "CZE"]
[SourceTitle "CBM 182 Extra"]
[Source "ChessBase"]
[SourceDate "2018.02.23"]
[SourceVersion "1"]
[SourceVersionDate "2018.02.23"]
[SourceQuality "1"]

1. d4 Nf6 2. c4 e6 3. Nc3 c5 4. d5 exd5 5. cxd5 d6 6. e4 g6 7. Bd3 Bg7 8. h3 0-0 9. Nf3 Nbd7 10. 0-0 Nh5 11. Bg5 Bf6 12. Bh6 Re8 13. Be2 a6 14. a4 b6 15. Qc2 Qe7 16. Rae1 Bg7 17. Bg5 Qf8 18. Nd2 Bf6 19. Be3 Ng7 20. Kh2 Rb8 21. f4 Nf5 22. exf5 Rxe3 23. Bd3 Rxe1 24. Rxe1 Qh6 25. g3 Bb7 26. Nde4 Qf8 27. Nf2 Re8 28. Rxe8 Qxe8 29. Nfe4 Be7 30. Qe2 Qc8 31. Nf2 Kf8 32. g4 Nf6 33. g5 Nxd5 34. Nxd5 Bxd5 35. f6 Bd8 36. Bxa6 Qe6 37. Qxe6 Bxe6 38. Kg3 h6 39. h4 hxg5 40. hxg5 Bc7 41. Bb5 Bf5 1/2-1/2

[Event "Sitges Sunway op 4th"]
[Site "Sitges"]
[Date "2017.12.18"]
[Round "4"]
[White "Tarun, V Kanth"]
[Black "Bjerre, Jonas Buhl"]
[Result "1/2-1/2"]
[WhiteElo "1967"]
[BlackElo "2365"]
[PlyCount "69"]
[EventDate "2017.12.15"]
[EventType "swiss"]
[EventRounds "9"]
[EventCountry "ESP"]
[SourceTitle "CBM 182 Extra"]
[Source "ChessBase"]
[SourceDate "2018.02.23"]
[SourceVersion "1"]
[SourceVersionDate "2018.02.23"]
[SourceQuality "1"]

1. d4 Nf6 2. c4 e6 3. Nc3 Bb4 4. f3 d5 5. a3 Bxc3+ 6. bxc3 c5 7. cxd5 Nxd5 8. dxc5 f5 9. Qc2 Nd7 10. e4 fxe4 11. fxe4 N5f6 12. Bg5 Qa5 13. Bd3 0-0 14. Nf3 Qxc5 15. Rb1 a6 16. Qd2 Ng4 17. h3 Nge5 18. Be2 Nxf3+ 19. gxf3 Ne5 20. Be3 Qxa3 21. Kf2 Qe7 22. Bg5 Qf7 23. Qe3 b5 24. Rbg1 Kh8 25. h4 Ra7 26. h5 Rd7 27. h6 g6 28. Rh4 Kg8 29. Rf4 Qe8 30. Bf6 Nc6 31. Bg7 Rxf4 32. Qxf4 e5 33. Qf6 Rf7 34. Qd6 Qe6 35. Qc5 1/2-1/2

[Event "IND-ch U17"]
[Site "Saravanampatty"]
[Date "2017.11.01"]
[Round "11"]
[White "Raja, Rithvik R"]
[Black "Tarun, V Kanth"]
[Result "1-0"]
[WhiteElo "2237"]
[BlackElo "1992"]
[PlyCount "87"]
[EventDate "2017.10.24"]
[EventType "swiss"]
[EventRounds "11"]
[EventCountry "IND"]
[SourceTitle "CBM 181 Extra"]
[Source "ChessBase"]
[SourceDate "2017.12.12"]
[SourceVersion "1"]
[SourceVersionDate "2017.12.12"]
[SourceQuality "1"]

1. Nf3 Nf6 2. c4 e6 3. g3 d5 4. d4 Bb4+ 5. Bd2 Bd6 6. Nc3 c6 7. Qc2 0-0 8. e4 dxe4 9. Nxe4 Nxe4 10. Qxe4 f5 11. Qc2 Nd7 12. Bc3 Qc7 13. Bg2 e5 14. Qb3 c5 15. dxe5 Nxe5 16. Nxe5 Bxe5 17. 0-0 f4 18. Bd5+ Kh8 19. Rfe1 Bxc3 20. Qxc3 Bg4 21. Re5 Rae8 22. Rae1 Rxe5 23. Qxe5 Qxe5 24. Rxe5 b6 25. Re7 f3 26. Rxa7 Re8 27. Ra8 Rxa8 28. Bxa8 Be6 29. b3 Bf5 30. Bxf3 Bb1 31. a3 Bc2 32. b4 Bb3 33. bxc5 bxc5 34. Bd5 g6 35. f4 Kg7 36. Kf2 Kf6 37. Ke3 Kf5 38. h3 h5 39. Be4+ Kf6 40. Kd3 g5 41. fxg5+ Kxg5 42. Bc6 h4 43. gxh4+ Kxh4 44. a4 1-0

[Event "IND-ch U17"]
[Site "Saravanampatty"]
[Date "2017.10.30"]
[Round "9"]
[White "Hari, Madhavan NB"]
[Black "Tarun, V Kanth"]
[Result "0-1"]
[WhiteElo "2250"]
[BlackElo "1992"]
[PlyCount "64"]
[EventDate "2017.10.24"]
[EventType "swiss"]
[EventRounds "11"]
[EventCountry "IND"]
[SourceTitle "CBM 181 Extra"]
[Source "ChessBase"]
[SourceDate "2017.12.12"]
[SourceVersion "1"]
[SourceVersionDate "2017.12.12"]
[SourceQuality "1"]

1. d4 Nf6 2. Nf3 e6 3. c4 d5 4. g3 Bb4+ 5. Bd2 Bd6 6. Bg2 0-0 7. 0-0 c6 8. Qc2 Nbd7 9. Rd1 Ne4 10. Nc3 f5 11. Rab1 Qe7 12. Be1 g5 13. b4 a6 14. a4 Qg7 15. b5 Ndf6 16. bxc6 bxc6 17. Rb6 Bd7 18. Ne5 Bxe5 19. dxe5 Ng4 20. cxd5 cxd5 21. Nxe4 fxe4 22. Bxe4 Qh6 23. h4 gxh4 24. Bd2 Qh5 25. Bf4 Rac8 26. Qb3 Rc4 27. Rxd5 hxg3 28. Bxg3 Rxe4 29. Rxd7 Rxe2 30. Qd1 Nxf2 31. Bxf2 Qg4+ 32. Kh1 Qf3+ 0-1

[Event "IND-ch U19"]
[Site "Kankarbagh"]
[Date "2017.09.11"]
[Round "11"]
[White "Tarun, V Kanth"]
[Black "Sai Agni, Jeevitesh J"]
[Result "0-1"]
[WhiteElo "2019"]
[BlackElo "2393"]
[PlyCount "30"]
[EventDate "2017.09.03"]
[EventType "swiss"]
[EventRounds "11"]
[EventCountry "IND"]
[SourceTitle "CBM 180 Extra"]
[Source "ChessBase"]
[SourceDate "2017.10.06"]
[SourceVersion "1"]
[SourceVersionDate "2017.10.06"]
[SourceQuality "1"]

1. b3 e5 2. Bb2 Nc6 3. e3 Nf6 4. Bb5 Bd6 5. Na3 Na5 6. c4 c6 7. Ba4 a6 8. Qe2 b5 9. cxb5 Bxa3 10. Bxa3 axb5 11. Bxb5 cxb5 12. Qxb5 Nc6 13. Bd6 Ne4 14. Qd3 Nxd6 15. Qxd6 Qe7 0-1

[Event "Wch U14"]
[Site "Khanty-Mansiysk"]
[Date "2016.10.03"]
[Round "11"]
[White "Tarun, V Kanth"]
[Black "Haring, Filip"]
[Result "1-0"]
[WhiteElo "1954"]
[BlackElo "2099"]
[PlyCount "117"]
[EventDate "2016.09.22"]
[EventType "swiss"]
[EventRounds "11"]
[EventCountry "RUS"]
[SourceTitle "EXT 2017"]
[Source "ChessBase"]
[SourceDate "2016.10.25"]
[SourceVersion "1"]
[SourceVersionDate "2016.10.25"]
[SourceQuality "1"]

1. d4 Nf6 2. c4 e6 3. Nc3 Bb4 4. f3 c5 5. d5 b5 6. e4 0-0 7. Bg5 h6 8. Bh4 d6 9. Bd3 exd5 10. cxd5 Nbd7 11. Nge2 Ne5 12. 0-0 c4 13. Bc2 Bc5+ 14. Kh1 Ng6 15. Bxf6 Qxf6 16. f4 Qh4 17. Qe1 Qg4 18. h3 Qd7 19. e5 dxe5 20. f5 Nf4 21. Nxf4 exf4 22. f6 Re8 23. Qh4 Bf8 24. fxg7 Bxg7 25. Rxf4 Qe7 26. Qh5 Bd7 27. d6 Qe6 28. Be4 Rf8 29. Nd5 f5 30. Ne7+ Kh8 31. Bxa8 Rxa8 32. Nxf5 Qe5 33. Raf1 Bxf5 34. Rxf5 Qxd6 35. Rxb5 Qd3 36. Qf3 Rd8 37. Rb7 Qxf3 38. Rxf3 Rd1+ 39. Kh2 Be5+ 40. g3 Rd2+ 41. Kh1 Kg8 42. Re3 Rd5 43. Rxa7 Kf8 44. Re2 Bxg3 45. Ra4 Rc5 46. Rc2 Be5 47. Raxc4 Rxc4 48. Rxc4 Bxb2 49. Re4 Ba3 50. Kg2 Kf7 51. Kf3 Kf6 52. Kg4 Kg6 53. Re6+ Kg7 54. Kf5 h5 55. Ra6 Bc5 56. a4 h4 57. Rc6 Bf2 58. a5 Kf7 59. a6 1-0

[Event "Wch U14"]
[Site "Khanty-Mansiysk"]
[Date "2016.10.01"]
[Round "9"]
[White "Tarun, V Kanth"]
[Black "Miyasaka, Marcus M"]
[Result "0-1"]
[WhiteElo "1954"]
[BlackElo "2269"]
[PlyCount "72"]
[EventDate "2016.09.22"]
[EventType "swiss"]
[EventRounds "11"]
[EventCountry "RUS"]
[SourceTitle "EXT 2017"]
[Source "ChessBase"]
[SourceDate "2016.10.25"]
[SourceVersion "1"]
[SourceVersionDate "2016.10.25"]
[SourceQuality "1"]

1. b3 d5 2. Bb2 c5 3. e3 a6 4. Nf3 Nc6 5. d4 Nf6 6. Be2 cxd4 7. Nxd4 Qc7 8. 0-0 e5 9. Nxc6 bxc6 10. c4 Bd6 11. cxd5 cxd5 12. Nc3 Bb7 13. Rc1 Qe7 14. Qc2 0-0 15. Rfd1 Rad8 16. Na4 Ne4 17. Bd3 f5 18. Nb6 Bb8 19. a4 a5 20. Bb5 Rf6 21. Nxd5 Bxd5 22. Rxd5 Rxd5 23. Bc4 Qc5 24. Ba3 Qxa3 25. Bxd5+ Kh8 26. f3 Ba7 27. Kf1 Bxe3 28. Re1 Nd2+ 29. Ke2 f4 30. Rd1 Qd6 31. Rxd2 Bxd2 32. Qxd2 Rf8 33. Bc4 Rd8 34. Qxd6 Rxd6 35. g4 fxg3 36. hxg3 h5 0-1

[Event "Wch U14"]
[Site "Khanty-Mansiysk"]
[Date "2016.09.25"]
[Round "4"]
[White "Tarun, V Kanth"]
[Black "Quirhuayo Chumbe, German Gonzalo"]
[Result "1-0"]
[WhiteElo "1954"]
[BlackElo "2255"]
[PlyCount "93"]
[EventDate "2016.09.22"]
[EventType "swiss"]
[EventRounds "11"]
[EventCountry "RUS"]
[SourceTitle "EXT 2017"]
[Source "ChessBase"]
[SourceDate "2016.10.25"]
[SourceVersion "1"]
[SourceVersionDate "2016.10.25"]
[SourceQuality "1"]

1. b3 c5 2. Bb2 Nc6 3. Nf3 d5 4. e3 a6 5. d4 Bg4 6. Be2 Nf6 7. Nbd2 e6 8. h3 Bh5 9. 0-0 Rc8 10. c4 cxd4 11. Nxd4 Bxe2 12. Qxe2 Nxd4 13. Bxd4 Bc5 14. Bxc5 Rxc5 15. b4 Rc8 16. c5 0-0 17. Rfd1 Qd7 18. a4 Qe7 19. Nb3 Ne4 20. Rac1 f5 21. f3 Ng3 22. Qe1 Nh5 23. b5 axb5 24. axb5 g5 25. c6 bxc6 26. bxc6 Rf7 27. Nd4 Rg7 28. e4 dxe4 29. fxe4 g4 30. h4 f4 31. Qa5 Qxh4 32. Nxe6 Ng3 33. Nxf4 Rf8 34. Qd5+ Kh8 35. c7 Qh1+ 36. Kf2 Rxf4+ 37. Ke3 Rf3+ 38. gxf3 Qxf3+ 39. Kd4 Ne2+ 40. Kc5 Rxc7+ 41. Kb6 Qe3+ 42. Kxc7 Qa7+ 43. Kd8 Qb6+ 44. Rc7 Qf6+ 45. Kc8 Qa6+ 46. Kb8 Qb6+ 47. Rb7 1-0

[Event "Wch U14"]
[Site "Khanty-Mansiysk"]
[Date "2016.09.22"]
[Round "1"]
[White "Peng, David T"]
[Black "Tarun, V Kanth"]
[Result "0-1"]
[WhiteElo "2273"]
[BlackElo "1954"]
[PlyCount "70"]
[EventDate "2016.09.22"]
[EventType "swiss"]
[EventRounds "11"]
[EventCountry "RUS"]
[SourceTitle "EXT 2017"]
[Source "ChessBase"]
[SourceDate "2016.10.25"]
[SourceVersion "1"]
[SourceVersionDate "2016.10.25"]
[SourceQuality "1"]

1. e4 e6 2. d4 d5 3. Nd2 Nf6 4. e5 Nfd7 5. Bd3 c5 6. c3 Nc6 7. Ne2 cxd4 8. cxd4 f6 9. exf6 Nxf6 10. 0-0 Bd6 11. Nf3 Qc7 12. g3 0-0 13. Bf4 Ng4 14. Rc1 Bxf4 15. Nxf4 Rxf4 16. gxf4 Qxf4 17. Rc3 e5 18. Qd2 Qxd2 19. Nxd2 exd4 20. Rc5 Nf6 21. Re1 Bd7 22. f3 a6 23. Bb1 Kf7 24. Nb3 g6 25. Rd1 Re8 26. Rcc1 Re2 27. Rc2 Re3 28. Kf2 Rxf3+ 29. Kxf3 Bg4+ 30. Kf2 Bxd1 31. Rd2 Bxb3 32. axb3 Ne4+ 33. Bxe4 dxe4 34. Rd1 e3+ 35. Kf3 Ke6 0-1